• 首页
  • 本馆介绍
  • 公告通知
  • 最新文献
  • 馆藏检索
  • 电子资源
  • 读者导购
  • 参考咨询
  • 我的图书馆
  • 登录
  • 详细信息显示
  • 放入我的书架
  • 预约/预借图书
  • 作者相关作品
  • 分类相关作品
  • 丛书相关作品
  • 出版社相关作品

书目信息

  • 表格格式
  • 工作单格式
  • 卡片格式
题名:
通志堂集
    
 
作者: 纳兰性德 著 ;黄曙辉 , 印晓峰 点校
分册:  
出版信息: 上海   华东师范大学出版社  2019
页数: 16,527页
开本: 21cm
丛书名:
单 册:
中图分类: I222.849 , I222.8
科图分类:
主题词: 词(文学)--作品集--中国--清前期
电子资源:
ISBN: 978-7-5675-8795-3
000 00784nam0 2200253 450
001 2061174320
005 20210107092853.97
010    @a978-7-5675-8795-3@b精装@dCNY112.00
100    @a20190522d2019 em y0chiy50 ea
101 0  @achi
102    @aCN@b310000
105    @aa z 000gy
200 1  @a通志堂集@9tong zhi tang ji@b专著@f(清)纳兰性德著@g黄曙辉,印晓峰点校
205    @a修订本
210    @a上海@c华东师范大学出版社@d2019
215    @a16,527页@c图@d21cm
606 0  @a词(文学)@x作品集@y中国@z清前期
690    @aI222.849@v5
690    @aI222.8@v4
701  0 @c(清)@a纳兰性德@9na lan xing de@f(1655~1685)@4著
702  0 @a黄曙辉@9huang shu hui@4点校
702  0 @a印晓峰@9yin xiao feng@c(古籍)@4点校
801  2 @aCN@b58marc.cn@c20200622
905    @aMUSE@dI222.8@e17
    
    通志堂集/(清)纳兰性德著/黄曙辉,印晓峰点校.-修订本.-上海:华东师范大学出版社,2019
    16,527页:图;21cm
    
    
    ISBN 978-7-5675-8795-3(精装):CNY112.00
    
●
相关链接 在五车中查询图书 在当当中查询图书 在豆瓣中查询图书


正题名:通志堂集     索取号:I222.8/17         预约/预借

序号 登录号 条形码 馆藏地/架位号 状态 备注
1 2000879333   2000879333   第一书库/ [索取号:I222.8/17] 在馆    
2 2000879334   2000879334   第一书库/ [索取号:I222.8/17] 在馆    
3 871449   2000871449   第一书库/ [索取号:I222.8/17] 在馆    
4 871450   2000871450   第一书库/ [索取号:I222.8/17] 在馆    
5 871451   2000871451   第一书库/ [索取号:I222.8/17] 在馆    
山东省滨州职业学院图书馆 欢迎您!
大连网信软件有限公司© 版权所有